00492 a2200157 4500020001800000050002000018100002700038245004300065250001300108264003300121300001700154500005100171504005100222650003600273650002500309 a978040904488100aKF4774 BUR 20091 aBurns, Yvonne.eauthor10aCommunications law /cby Yvonne Burns. a2nd ed. aDurban:bLexis nexis.,c2009 axx, 583 p. ; aIncludes bibliographical references and index. aIncludes bibliographical references and index. 0aMass mediaxLaw and legislation 0aFreedom of the press